=LDR 00000nam 2200000 4500 =001 000759 =005 20250711102221 =035 ##$$a 0010-0725000627 =007 ta =008 250711################a##########0#ind## =020 ##$$a 978-602-244-937-9 =082 ##$$a 398. 209 598 =084 ##$$a 398. 209 598 FAU n =100 #$$a Fauzia, Sarah =245 1#$$a Naik-Naik ke Puncak Bukit /$c Sarah Fauzia =250 ##$$a Cetakan Pertama =260 ##$$a Jakarta Selatan :$b Kementrian Pendidikan, Kebudayaan, Riset, dan Teknologi,$c 2022 =300 ##$$a 30 hlm. : $b Ilus. ; $c 29,7 cm =600 #4$$a Cerita anak Indonesia =990 ##$$a TBM202400650